| 000 | 00683nam a2200181Ia 4500 | ||
|---|---|---|---|
| 008 | 090124s9999 xx 000 0 und d | ||
| 082 | _b106109 | ||
| 100 | _aअभिराग ( भिडे रामकृष्ण गोपाळ ) | ||
| 245 | _a चंद्रगुप्त मौर्य | ||
| 250 | _a1 | ||
| 260 | _c1957 | ||
| 300 | _a74 | ||
| 600 | _aअभिराग ( भिडे रामकृष्ण गोपाळ ) | ||
| 630 | _a चंद्रगुप्त मौर्य | ||
| 700 | _aअभिराग ( भिडे रामकृष्ण गोपाळ ) | ||
| 730 | _a चंद्रगुप्त मौर्य | ||
| 942 | _cBOOK | ||
| 999 |
_c152200 _d152200 |
||